Normal view
MARC view
- Boone, Louis E.
Entry Personal Name
001 - CONTROL NUMBER
- control field: 7845
003 - CONTROL NUMBER IDENTIFIER
- control field: NUST
005 - DATE AND TIME OF LATEST TRANSACTION
- control field: 20171229093838.0
008 - FIXED-LENGTH DATA ELEMENTS
- fixed length control field: 171229|| aca||aabn | a|a d
040 ## - CATALOGING SOURCE
- Original cataloging agency: NUST
- Transcribing agency: NUST
100 ## - HEADING--PERSONAL NAME
- Personal name: Boone, Louis E.
670 ## - SOURCE DATA FOUND
- Source citation: Work cat.: (NUST)0: Boone, Louis E., Contemporary marketing /
